Statystyki dla Jedenaście kolorów

Kliknij tutaj aby rozwiązać quiz!

Ogólne statystyki

  • Ten quiz został rozwiązany 115 969 razy
  • Średni wynik to 10 z 11

Statystyki odpowiedzi

Kolor% Poprawnych
Niebieski
98%
Czarny
97%
Czerwony
97%
Zielony
96%
Biały
95%
Żółty
95%
Fioletowy
90%
Różowy
88%
Pomarańczowy
84%
Szary
66%
Brązowy
64%

Rozkład punktacji

Percentyl według liczby udzielonych odpowiedzi

Procent ludzi z każdym wynikiem

Twoja historia wyników

Nie rozwiązałeś tego quizu